000 00455nam a22001337a 4500
999 _c13560
_d13560
082 _a891.43
_bل ی و
100 _aلیون ٹراٹسکی
245 _aمیری زندگی
_bآپ بیتی کی ایک کوشش
260 _aلاہور
_bطبقاتی جدّوجہد پبلیکیشنز
_c٢٠٠٤
300 _a٦١٨ صفحات
650 _aAutobiography, Biography, meri zindagi, Lion tratski
700 _aJaved Shaheen(translator)
942 _cBK